00781nam a2200181 a 450000100100000000500170001000800410002704000250006810000260009324500400011926000590015930000280021804900090024695201110025595201110036695201050047799900170058200003439820200930073658.0111004s2009 fr 000 0 spa d aDO-SdBNPbspacBNPHU1 aGermain, Saint94756310aIl settimo raggio /cSaint Germain. a[francia] :bEditrice Metafica Sentiero de Luz,c2009. a119 p. :bil. ;c21 cm. aBNPD 001050718MOaGRbGRcCTd2011-10-04iLF1l0o p34398-10r2020-06-25te. 2w2020-06-25y1ZNo se presta 001050718MOaGRbGRcCTd2011-10-04iLF1l0o p34398-20r2020-06-25te. 3w2020-06-25y1ZNo se presta 001050718MOaGRbGRcCTd2011-10-04iLF1l0o p34398-30r2020-06-25w2020-06-25y1ZNo se presta c33889d33889